| 000 | 00590nam a22001577a 4500 | ||
|---|---|---|---|
| 003 | OSt | ||
| 005 | 20150912162926.0 | ||
| 008 | 150912b xxu||||| |||| 00| 0 eng d | ||
| 040 | _cRUA | ||
| 050 | _bAGR HEM 1996 | ||
| 082 | _2AGR HEM 1996 BOO17 Or.1 | ||
| 100 |
_9350 _aHEM, SOKLAY |
||
| 245 | _aStudy of structural revamping of boeung ket rubber plantations company, ( ការសិក្សាអំពីកំណែទំរង់ថ្មីរបស់ក្រុមហ៊ុនចំការកៅស៊ូបឹងកេត). | ||
| 300 |
_a166p. _bill. _c29cm. |
||
| 942 |
_2ddc _cAGR |
||
| 999 |
_c331 _d331 |
||